000 00608nam a2200181Ia 4500
008 100921s9999 xx 000 0 und d
082 _b20710
_a891.463 थ 87
100 _aकाळे वैजयंती.
245 _aचिरंजीव.
260 _bराजेंद्र प्रकाशन, पुणे.
_c1987
300 _a222
_bगणेश वितरण,पुणे
365 _b56
520 _aललित-कादंबरी.
630 _aचिरंजीव.
650 _aललित-कादंबरी.
730 _aचिरंजीव.
942 _cBOOK
999 _c769823
_d769820